Técnicas y estrategias de negociación : (Record no. 17666)

MARC details
000 -LEADER
campo de control de longitud fija 02834nam a2200193 4500
001 - NÚMERO DE CONTROL
campo de control 1871
005 - FECHA Y HORA DE LA ÚLTIMA TRANSACCIÓN
campo de control 20230410102030.0
008 - DATOS DE LONGITUD FIJA--INFORMACIÓN GENERAL
campo de control de longitud fija 060907n2001 dr spa
020 ## - NÚMERO INTERNACIONAL ESTÁNDAR DEL LIBRO
Número Internacional Estándar del Libro 9993481777
035 ## - NÚMERO DE CONTROL DEL SISTEMA
-- funglode1879
041 ## - CÓDIGO DE IDIOMA
Código de lengua del texto/banda sonora o título independiente ES
050 14 - SIGNATURA TOPOGRÁFICA DE LA BIBLIOTECA DEL CONGRESO
Número de clasificación 118 HD 6643 A473t 2001
100 ## - ENTRADA PRINCIPAL--NOMBRE DE PERSONA
Nombre de persona Alvarez Mueses, Horacio Rafael
245 1# - MENCIÓN DEL TÍTULO
Título Técnicas y estrategias de negociación :
Resto del título la experiencia dominicana /
Mención de responsabilidad, etc. Horacio Alvarez
260 ## - PUBLICACIÓN, DISTRIBUCIÓN, ETC.
Lugar de publicación, distribución, etc. Santo Domingo :
Nombre del editor, distribuidor, etc. Editorial Letra Gráfica,
Fecha de publicación, distribución, etc. 2001
300 ## - DESCRIPCIÓN FÍSICA
Extensión 273 p.
520 ## - RESUMEN, ETC.
Sumario, etc. Introducción, bases conceptuales de la negociación, tipos y características, 25. -- Elementos más importantes de la negociación. Análisis de los componentes de la capacidad negociadora, esquemas y análisis FODA, 35. -- Límites dentro de los cuales puede darse una negociación y sus mejores alternativas para un acuerdo negociado, 45. -- Proceso de negociación : Objetivos básicos, etapas fundamentales, eventos, 53. -- Integrantes de un equipo de negociación : Esquema, modalidades, mecanismos y factores para lograr el exito del equipo negociador, 79. -- Criterios, objetivos, principios, tipos, características, acciones y recomendaciones para lograr el exito de un equipo negociador, 87. -- Lineamientos fundamentales de la negociación, 99. -- Mecanismos mas comunes utilizados en la negociación : Estrategias y tácticas, técnicas y maniobras, reglas, preguntas, criterios básicos y barreras, 109. -- Experiencia de negociaciones en otras culturas, estereotipos culturares identificados en las negociaciones internacionales, 131. -- La negociación en el sector exportador. Plan de acción para la empresa exportadora lograr un desenlace feliz, atributos con que debe contar una empresa exportadora, factores básicos para el exportador lograr la entrega de las mercancías y el pago, técnicas para concluir las negociaciones, 139. -- Objetivos de la negociación, 147. -- Compraventa internacional. Principales fases del proceso contractual. Acuerdos contractuales y accionarios, elementos esenciales de un contrato y sus tipos, claúsulas contractuales, 161. -- Comercialización y negociación de contratos tecnológicos. Tipos de tecnologías, entes participantes, costos y factores de evaluación, 193. -- Los conflictos, 201. -- Objetivos, principios, estructuras y futuras rondas de negociaciones, dentro de la Organización Mundial de Comercio (OMC) , 207. -- Necesidad de formación de negociadores, 212. -- Un reto para las negociaciones latinoamericanas, 217. -- La experiencia de República Dominicana en negociaciones : Casos específicos de la participación de República Dominicana, 222. -- Necesidad de que República Dominicana cuente con un equipo técnico-negociador permanente, 239. -- Conclusiones y recomendaciones, 241. -- Anexos, 245
942 ## - ELEMENTOS DE ENTRADA SECUNDARIOS (KOHA)
Fuente del sistema de clasificación o colocación Clasificación de Library of Congress
Tipo de ítem Koha
Holdings
Estatus retirado Estado de pérdida Fuente del sistema de clasificación o colocación Estado de daño No para préstamo Colección Biblioteca de origen Biblioteca actual Ubicación en estantería Fecha de adquisición Serial enumeration / chronology Signatura topográfica completa Código de barras Visto por última vez Tipo de ítem Koha
    Clasificación de Library of Congress     Recursos Regionales Biblioteca Juan Bosch Biblioteca Juan Bosch Recursos Regionales (2do. Piso) 23/10/2018 1 118 HD 6643 A473t 2001 00000007374 23/10/2018